[Event "GER-chT Lands U20"]
[Site "Wuerzburg"]
[Date "2019.10.02"]
[Round "2.2"]
[White "Pallas, Sebastian"]
[Black "Weber, Samuel"]
[Result "0-1"]
[WhiteElo "2291"]
[BlackElo "2288"]
[PlyCount "48"]
[EventDate "2019.10.01"]
[EventType "team-swiss"]
[EventRounds "7"]
[EventCountry "GER"]
[SourceTitle "EXT 2020"]
[Source "ChessBase"]
[SourceDate "2019.10.17"]
[SourceVersion "1"]
[SourceVersionDate "2019.10.17"]
[SourceQuality "1"]
[WhiteTeam "Sachsen Anhalt"]
[BlackTeam "Hessen"]
[WhiteTeamCountry "GER"]
[BlackTeamCountry "GER"]

1. e4 e5 2. Nf3 Nc6 3. d4 exd4 4. Nxd4 Nf6 5. Nxc6 bxc6 6. e5 Qe7 7. Qe2 Nd5 8. c4 Ba6 9. b3 g6 10. f4 Bg7 11. g3 f6 12. Bb2 fxe5 13. fxe5 0-0 14. Nd2 Nb4 15. 0-0-0 Nxa2+ 16. Kb1 Nb4 17. Bg2 Rae8 18. Rhe1 Qc5 19. Nf3 Qa5 20. Bc3 d5 21. Qd2 Rb8 22. cxd5 Bd3+ 23. Kc1 Na2+ 24. Kb2 Rxb3+ 0-1

[Event "Oberliga Ost-A 1819"]
[Site "Germany"]
[Date "2019.03.24"]
[Round "9.1"]
[White "Schubert, Thomas"]
[Black "Pallas, Sebastian"]
[Result "1/2-1/2"]
[WhiteElo "2314"]
[BlackElo "2278"]
[PlyCount "49"]
[EventDate "2018.10.21"]
[EventType "team-tourn"]
[EventRounds "11"]
[EventCountry "GER"]
[SourceTitle "EXT 2020"]
[Source "ChessBase"]
[SourceDate "2019.10.17"]
[SourceVersion "1"]
[SourceVersionDate "2019.10.17"]
[SourceQuality "1"]
[WhiteTeam "Leipzig SG II"]
[BlackTeam "Loeberitz"]
[WhiteTeamCountry "GER"]
[BlackTeamCountry "GER"]

1. d4 Nf6 2. Nf3 g6 3. Bg5 Bg7 4. e3 0-0 5. Nbd2 d5 6. Bd3 c5 7. c3 Nc6 8. 0-0 Re8 9. dxc5 Nd7 10. Nb3 Nde5 11. Nxe5 Nxe5 12. Be2 Qc7 13. Qxd5 Bf5 14. Qd1 Rad8 15. Nd4 Qxc5 16. Qb3 Be4 17. Qb5 Qc8 18. Bh4 Rd6 19. Qa4 Bd3 20. Bxd3 Nxd3 21. Qc2 Bxd4 22. Qxd3 Bf6 23. Qe4 Bxh4 24. Qxh4 Qd7 25. Qb4 1/2-1/2

[Event "Oberliga Ost-A 1819"]
[Site "Germany"]
[Date "2019.02.02"]
[Round "6.1"]
[White "Pallas, Sebastian"]
[Black "Mueller, Frank1111"]
[Result "1-0"]
[WhiteElo "2278"]
[BlackElo "2262"]
[PlyCount "85"]
[EventDate "2018.10.21"]
[EventType "team-tourn"]
[EventRounds "11"]
[EventCountry "GER"]
[SourceTitle "EXT 2020"]
[Source "ChessBase"]
[SourceDate "2019.10.17"]
[SourceVersion "1"]
[SourceVersionDate "2019.10.17"]
[SourceQuality "1"]
[WhiteTeam "Loeberitz"]
[BlackTeam "Leipzig VfB"]
[WhiteTeamCountry "GER"]
[BlackTeamCountry "GER"]

1. e4 c5 2. Nf3 d6 3. d4 cxd4 4. Nxd4 Nf6 5. Nc3 Nc6 6. Bg5 e6 7. Qd2 a6 8. 0-0-0 Bd7 9. f4 b5 10. Bxf6 gxf6 11. Kb1 Qb6 12. Nxc6 Bxc6 13. f5 b4 14. Ne2 e5 15. Ng3 h5 16. Bc4 h4 17. Nf1 Rc8 18. Qd3 Bh6 19. Qxd6 Qc7 20. Qxf6 Rh7 21. Nd2 Bf4 22. g3 Bxd2 23. Rxd2 Bxe4 24. Rhd1 hxg3 25. hxg3 Qe7 26. Qxa6 Bxf5 27. Bd3 Qg5 28. Bxf5 Qxf5 29. Qb5+ Kf8 30. Qxb4+ Kg7 31. a4 Rh6 32. g4 Qe6 33. g5 Rg6 34. Rd6 Qc4 35. Rxg6+ Kxg6 36. Qd6+ Qe6 37. Qxe6+ fxe6 38. Rg1 e4 39. Kc1 e3 40. Rg3 Rc4 41. Rxe3 Rxa4 42. Rxe6+ Kxg5 43. b3 1-0

[Event "Erfurt op 28th"]
[Site "Erfurt"]
[Date "2018.12.28"]
[Round "5"]
[White "Hartge, Gedeon"]
[Black "Pallas, Sebastian"]
[Result "1/2-1/2"]
[WhiteElo "2198"]
[BlackElo "2292"]
[PlyCount "46"]
[EventDate "2018.12.26"]
[EventType "swiss"]
[EventRounds "8"]
[EventCountry "GER"]
[SourceTitle "CBM 188 Extra"]
[Source "ChessBase"]
[SourceDate "2019.02.26"]
[SourceVersion "1"]
[SourceVersionDate "2019.02.26"]
[SourceQuality "1"]

1. d4 Nf6 2. c4 g6 3. f3 d5 4. cxd5 Nxd5 5. e4 Nb6 6. Nc3 Bg7 7. Be3 0-0 8. f4 f5 9. e5 Be6 10. Nf3 Nd5 11. Bc4 Kh8 12. Qe2 c6 13. h4 h5 14. Kf2 Bh6 15. g3 Nd7 16. Bxd5 Bxd5 17. Nxd5 cxd5 18. Rhc1 Qb6 19. Rc3 Rac8 20. Rac1 Rc6 21. Rb3 Qc7 22. Rxc6 bxc6 23. Qa6 Nb6 1/2-1/2

[Event "Erfurt op 28th"]
[Site "Erfurt"]
[Date "2018.12.27"]
[Round "2"]
[White "Pallas, Sebastian"]
[Black "Pubantz, Jan"]
[Result "1-0"]
[WhiteElo "2292"]
[BlackElo "2102"]
[PlyCount "93"]
[EventDate "2018.12.26"]
[EventType "swiss"]
[EventRounds "8"]
[EventCountry "GER"]
[SourceTitle "CBM 188 Extra"]
[Source "ChessBase"]
[SourceDate "2019.02.26"]
[SourceVersion "1"]
[SourceVersionDate "2019.02.26"]
[SourceQuality "1"]

1. e4 c5 2. Nf3 d6 3. d4 cxd4 4. Nxd4 Nf6 5. Nc3 a6 6. Bg5 e6 7. f4 Qc7 8. Qf3 Nbd7 9. 0-0-0 b5 10. Bd3 Bb7 11. Rhe1 Qb6 12. Nb3 Rc8 13. Qe3 Be7 14. Qxb6 Nxb6 15. Bh4 Rxc3 16. bxc3 Na4 17. Kd2 Kd7 18. Bf2 Ng4 19. Bg1 Bf6 20. e5 dxe5 21. h3 Nh6 22. fxe5 Bh4 23. Re2 Rc8 24. Be4 Bxe4 25. Rxe4 Nf5 26. g4 Ne7 27. Rxa4 bxa4 28. Nc5+ Kc6 29. c4 Ng6 30. Nd3 Bg3 31. Bd4 Rd8 32. Kc3 Rd7 33. Rb1 Rb7 34. Rg1 Bh4 35. Nb4+ Kd7 36. Nxa6 Be7 37. Rd1 Kc8 38. c5 Ra7 39. Nb4 Nf4 40. Kc4 Rc7 41. Rf1 Nxh3 42. Rxf7 Ng5 43. Rxg7 Rd7 44. c3 Nf3 45. c6 Rc7 46. Rg8+ Bd8 47. Kb5 1-0

[Event "Oberliga Ost-A 1819"]
[Site "Germany"]
[Date "2018.11.10"]
[Round "2.1"]
[White "Bures, Jaroslav"]
[Black "Pallas, Sebastian"]
[Result "0-1"]
[WhiteElo "2395"]
[BlackElo "2278"]
[PlyCount "110"]
[EventDate "2018.10.21"]
[EventType "team-tourn"]
[EventRounds "11"]
[EventCountry "GER"]
[SourceTitle "EXT 2020"]
[Source "ChessBase"]
[SourceDate "2019.10.17"]
[SourceVersion "1"]
[SourceVersionDate "2019.10.17"]
[SourceQuality "1"]
[WhiteTeam "Hoyerswerda"]
[BlackTeam "Loeberitz"]
[WhiteTeamCountry "GER"]
[BlackTeamCountry "GER"]

1. d4 Nf6 2. c4 g6 3. f3 d5 4. cxd5 Nxd5 5. e4 Nb6 6. Nc3 Bg7 7. Be3 0-0 8. Qd2 Nc6 9. 0-0-0 f5 10. e5 Nb4 11. Nh3 Be6 12. Kb1 Qd7 13. Nf4 Rfd8 14. a3 a5 15. d5 N4xd5 16. Ncxd5 Nxd5 17. Bc4 c6 18. Bb6 Re8 19. Nxe6 Qxe6 20. f4 g5 21. fxg5 Qxe5 22. Rhe1 Qd6 23. Bxd5+ cxd5 24. Qxd5+ Qxd5 25. Rxd5 e6 26. Rd7 e5 27. h4 Re6 28. Rxb7 f4 29. Re4 h6 30. gxh6 Rxh6 31. Bc7 Re8 32. Bxa5 Rxh4 33. Rd7 Rg4 34. Rd2 Kf7 35. Bc3 Ke6 36. Ree2 Ra8 37. Kc2 Bf6 38. Kd1 Rg3 39. Bb4 Ra6 40. Rc2 Kf5 41. Rc5 Rd6+ 42. Bd2 Re3 43. Rf2 Bh4 44. Rf1 Kg4 45. Kc1 Re2 46. Bc3 Re6 47. Kd1 Rxg2 48. Rxe5 Rxe5 49. Bxe5 f3 50. a4 Re2 51. Rg1+ Kf5 52. Bc3 Re4 53. Rg8 f2 54. Rf8+ Kg4 55. a5 Re1+ 0-1

[Event "Oberliga Ost-A 1819"]
[Site "Germany"]
[Date "2018.10.21"]
[Round "1.1"]
[White "Pallas, Sebastian"]
[Black "Hoepfl, Thomas"]
[Result "0-1"]
[WhiteElo "2278"]
[BlackElo "2271"]
[PlyCount "70"]
[EventDate "2018.10.21"]
[EventType "team-tourn"]
[EventRounds "11"]
[EventCountry "GER"]
[SourceTitle "EXT 2020"]
[Source "ChessBase"]
[SourceDate "2019.10.17"]
[SourceVersion "1"]
[SourceVersionDate "2019.10.17"]
[SourceQuality "1"]
[WhiteTeam "Loeberitz"]
[BlackTeam "Halle USV"]
[WhiteTeamCountry "GER"]
[BlackTeamCountry "GER"]

1. e4 e5 2. Nf3 Nc6 3. d4 exd4 4. Nxd4 Qf6 5. Nxc6 Bc5 6. Qf3 bxc6 7. Nd2 a5 8. Nb3 Bb6 9. a4 d6 10. Be2 Qxf3 11. gxf3 Ne7 12. Be3 0-0 13. 0-0-0 Bxe3+ 14. fxe3 Bd7 15. e5 Nd5 16. e4 Nf4 17. Bc4 d5 18. exd5 cxd5 19. Bxd5 Nxd5 20. Rxd5 Bxa4 21. Nxa5 Bc6 22. Rc5 Bxf3 23. Rf1 Bg4 24. b4 Ra7 25. Kb2 Be6 26. c4 Rd8 27. Kc3 g5 28. Rf2 Kg7 29. Rd2 Rxd2 30. Kxd2 h5 31. Ke3 h4 32. Rb5 g4 33. c5 g3 34. hxg3 h3 35. Kf2 Ra8 0-1

[Event "Youth District Germany"]
[Site "Wuerzburg"]
[Date "2018.10.05"]
[Round "4.2"]
[White "Karsay, Pascal"]
[Black "Pallas, Sebastian"]
[Result "0-1"]
[WhiteElo "2261"]
[BlackElo "2278"]
[PlyCount "68"]
[EventDate "2018.10.02"]
[EventType "team-swiss"]
[EventRounds "7"]
[EventCountry "GER"]
[SourceTitle "CBM 186 Extra"]
[Source "ChessBase"]
[SourceDate "2018.08.24"]
[SourceVersion "1"]
[SourceVersionDate "2018.08.24"]
[SourceQuality "1"]
[WhiteTeam "Rheinland Pfalz U20"]
[BlackTeam "Sachsen Anhalt U20"]
[WhiteTeamCountry "GER"]
[BlackTeamCountry "GER"]

1. Nf3 Nf6 2. b3 g6 3. Bb2 d5 4. c4 c6 5. g3 Bg7 6. Bg2 0-0 7. 0-0 Nbd7 8. d4 Ne4 9. Nbd2 Ndf6 10. Ne5 Qa5 11. Nxe4 Nxe4 12. Qc2 Nf6 13. f3 c5 14. Rfd1 cxd4 15. Bxd4 Be6 16. c5 Rac8 17. b4 Qc7 18. Qb2 Nd7 19. Nxd7 Bxd4+ 20. Qxd4 Qxd7 21. e4 Rfd8 22. e5 Qa4 23. f4 a5 24. a3 Bg4 25. Rd2 e6 26. Rb1 Qxa3 27. Rd3 Qa4 28. Rdb3 Bf5 29. R1b2 Qa1+ 30. Kf2 a4 31. Re3 a3 32. Rd2 Qxd4 33. Rxd4 a2 34. Rd1 Bb1 0-1

[Event "Youth District Germany"]
[Site "Wuerzburg"]
[Date "2018.10.03"]
[Round "2.2"]
[White "Kololli, Martin"]
[Black "Pallas, Sebastian"]
[Result "1-0"]
[WhiteElo "2331"]
[BlackElo "2278"]
[PlyCount "49"]
[EventDate "2018.10.02"]
[EventType "team-swiss"]
[EventRounds "7"]
[EventCountry "GER"]
[SourceTitle "CBM 186 Extra"]
[Source "ChessBase"]
[SourceDate "2018.08.24"]
[SourceVersion "1"]
[SourceVersionDate "2018.08.24"]
[SourceQuality "1"]
[WhiteTeam "Schleswig Holstein U20"]
[BlackTeam "Sachsen Anhalt U20"]
[WhiteTeamCountry "GER"]
[BlackTeamCountry "GER"]

1. e4 c5 2. c3 Nf6 3. e5 Nd5 4. d4 cxd4 5. Nf3 e6 6. cxd4 d6 7. Bc4 Nc6 8. 0-0 Be7 9. Qe2 0-0 10. Nc3 Nxc3 11. bxc3 dxe5 12. dxe5 Qa5 13. Bd3 Rd8 14. Rb1 Bd7 15. Rxb7 g6 16. Bb5 Rac8 17. Be3 Qxc3 18. Rd1 Be8 19. Bxc6 Bxc6 20. Rxe7 Bb5 21. Qe1 Rxd1 22. Qxd1 Ba4 23. Qe1 Qxe1+ 24. Nxe1 Rd8 25. f3 1-0

[Event "Youth District Germany"]
[Site "Wuerzburg"]
[Date "2018.10.03"]
[Round "1.2"]
[White "Pallas, Sebastian"]
[Black "Zha, Kevin"]
[Result "1-0"]
[WhiteElo "2278"]
[BlackElo "1570"]
[PlyCount "91"]
[EventDate "2018.10.02"]
[EventType "team-swiss"]
[EventRounds "7"]
[EventCountry "GER"]
[SourceTitle "CBM 186 Extra"]
[Source "ChessBase"]
[SourceDate "2018.08.24"]
[SourceVersion "1"]
[SourceVersionDate "2018.08.24"]
[SourceQuality "1"]
[WhiteTeam "Sachsen Anhalt U20"]
[BlackTeam "Saarland U20"]
[WhiteTeamCountry "GER"]
[BlackTeamCountry "GER"]

1. e4 g6 2. d4 Bg7 3. Nf3 d6 4. h3 Nf6 5. Nc3 0-0 6. Be2 c6 7. a4 Qc7 8. 0-0 Nbd7 9. Re1 e5 10. Bf1 exd4 11. Nxd4 Rd8 12. a5 Nf8 13. Bg5 Ne6 14. Nxe6 fxe6 15. Qd2 Rf8 16. Bf4 e5 17. Bc4+ Kh8 18. Bg5 Ne8 19. b4 Bf6 20. Rad1 Bxg5 21. Qxg5 Ng7 22. Qd2 Rd8 23. Re3 Be6 24. Bxe6 Nxe6 25. Rd3 Nd4 26. Ne2 Nxe2+ 27. Qxe2 Rd7 28. Qd2 Rad8 29. Qc3 a6 30. f4 Kg8 31. Qc4+ Kg7 32. f5 gxf5 33. Rg3+ Kh8 34. Qe6 Rf7 35. Rxd6 Qxd6 36. Qxf7 Qf8 37. Rg8+ Qxg8 38. Qf6+ Qg7 39. Qxd8+ Qg8 40. Qxg8+ Kxg8 41. exf5 Kf7 42. g4 Kf6 43. Kf2 e4 44. Ke2 Ke5 45. Ke3 h6 46. c4 1-0